Sarmiento : pedagogo social /

Guardado en:
Autor Principal: Bravo, Héctor Felix
Formato: Libro
Publicado: Buenos Aires : Eudeba, 1965
Materias:
Etiquetas: Agregar Etiqueta
Sin Etiquetas, Sea el primero en etiquetar este registro!
LEADER 00519nam a22001935a 4500
001 CEM.cems009340
005 20060214000000.0
008 130507s1965##################000#0#####d
003 CEMS
082 0 4 |a 923 
100 1 |a Bravo, Héctor Felix 
245 1 0 |a Sarmiento :  |b pedagogo social / 
260 |a Buenos Aires :  |b Eudeba,  |c 1965 
300 |a 60 p. 
653 |a Biografias 
653 |a Educacion 
653 |a Pedagogia social 
653 |a Sarmiento-pedagogia 
859 |a CEMS  |b BIB. CEMS - 11 de abril  |h 923  |i Sa74b  |p 9430.81  |t Ej.1